| 000 | 01140nam a22002417a 4500 | ||
|---|---|---|---|
| 001 | BRCA_9280 | ||
| 003 | FranzMayer | ||
| 005 | 20230721125145.0 | ||
| 008 | 230721b |||||||| |||| 00| 0 eng d | ||
| 040 |
_aMFM _besp _cMFM |
||
| 050 | 4 |
_aLE-49 _bA97 1733 |
|
| 082 | _2K117.N3 | ||
| 100 | 1 |
_4Autor _aAurelii, Iosephi _928901 |
|
| 240 | 1 |
_aAdvocati neapolitani RespublicaIurisconsultorum _hEditio altera ad exemplar neapolitanum expressa aedit Frederici Ottonis Menckenii, lipsiensis, ad autorem epístola _lLatín |
|
| 245 | 0 |
_aAdvocati neapolitani RespublicaIurisconsultorum _bEditio altera ad exemplar neapolitanum expressa aedit Frederici Ottonis Menckenii, lipsiensis, ad autorem epístola |
|
| 260 |
_aNápoles _bLipsiae _c1733 |
||
| 300 |
_a444 p _c18 cm |
||
| 500 | _aEl libro contiene marcas en la primer página en blanco hechas con tinta | ||
| 505 | _aTexto en: latínDirigido a: Abogados, jueces, historiadores, historiadores de Italia y NápolesIncluye índice temático | ||
| 650 | 1 |
_2Sistema de leyes _aDocumentos legales _vConstitución _928902 |
|
| 651 | 2 |
_2Leyes europeas _aItalia _vNápoles _928903 |
|
| 942 |
_2lcc _cB |
||
| 999 |
_c10899 _d10899 |
||